书目信息 |
| 题名: |
先秦逻辑范畴研究
|
|
| 作者: | 田立刚 著 | |
| 分册: | ||
| 出版信息: | 北京 中国社会科学出版社 2012.12 |
|
| 页数: | 223页 | |
| 开本: | 24cm | |
| 丛书名: | 南开哲学文库 | |
| 单 册: | ||
| 中图分类: | B81-092 | |
| 科图分类: | ||
| 主题词: | 逻辑--研究--中国--先秦时代 | |
| 电子资源: | ||
| ISBN: | 978-7-5161-1931-0 | |
| 000 | 01059oam2 2200265 45 | |
| 001 | 1359706499 | |
| 005 | 20130529082633.68 | |
| 010 | @a978-7-5161-1931-0@dCNY45.00 | |
| 100 | @a20130513d2012 em y0chiy0121 ea | |
| 101 | 0 | @achi |
| 102 | @aCN@b110000 | |
| 105 | @ak a 000yy | |
| 106 | @ar | |
| 200 | 1 | @a先秦逻辑范畴研究@AXian Qin Luo Ji Fan Chou Yan Jiu@f田立刚著@FTian Li Gang Zhu |
| 210 | @a北京@c中国社会科学出版社@d2012.12 | |
| 215 | @a223页@d24cm | |
| 225 | 2 | @a南开哲学文库 |
| 320 | @a有书目 (第219-223页) | |
| 330 | @a汉译取自《尚书·洪范》“九畴” , 具有种类、方法、范围等含义。在西方逻辑史上, 亚里士多德和康德曾在外延最广的基本概念, 亦即最大的类概念这个意义上使用并研究过范畴。我国先秦虽无“范畴”之名, 但有与上述意义相同的概念, 这就是荀子提出的“大共名” 和《墨辩》提出的“达名”这两个中国古代逻辑中特有的术语。 | |
| 461 | 0 | @12001 @a南开哲学文库 |
| 606 | 0 | @a逻辑@x研究@y中国@z先秦时代 |
| 690 | @aB81-092@v5 | |
| 701 | 0 | @a田立刚@ATian Li Gang@f1957-@4著 |
| 801 | @aCN@bTANGWEI@c20130522 | |
| 905 | @b0833410-13@dB81-092@e236@f4 | |
| 先秦逻辑范畴研究/田立刚著.-北京:中国社会科学出版社,2012.12 |
| 223页;24cm.-(南开哲学文库) |
| ISBN 978-7-5161-1931-0:CNY45.00 |
| 汉译取自《尚书·洪范》“九畴” , 具有种类、方法、范围等含义。在西方逻辑史上, 亚里士多德和康德曾在外延最广的基本概念, 亦即最大的类概念这个意义上使用并研究过范畴。我国先秦虽无“范畴”之名, 但有与上述意义相同的概念, 这就是荀子提出的“大共名” 和《墨辩》提出的“达名”这两个中国古代逻辑中特有的术语。 |
| ● |
| 相关链接 |
|
|
|
|
正题名:先秦逻辑范畴研究
索取号:B81-092/236
 
预约/预借
| 序号 | 登录号 | 条形码 | 馆藏地/架位号 | 状态 | 备注 |
| 1 | 0833410 | 208334104 | 第一样本阅览室/ [索取号:B81-092/236] | 在馆 | |
| 2 | 0833411 | 208334113 | 第一借阅区/ [索取号:B81-092/236] | 在馆 | |
| 3 | 0833412 | 208334122 | 教育系资料室/ [索取号:B81-092/236] | 在馆 | |
| 4 | 0833413 | 208334131 | 教育系资料室/ [索取号:B81-092/236] | 在馆 |